| 000 | 01429nam a22003857a 4500 | ||
|---|---|---|---|
| 003 | CHAP | ||
| 005 | 20220329143438.0 | ||
| 008 | 090814s2009 mx r 00010 spa d | ||
| 010 | _a96736 | ||
| 011 | _a97708 | ||
| 035 | _a108378 | ||
| 040 | _cCHAP | ||
| 090 | _aTesis | ||
| 100 | 1 |
_aReyes Amador, Armando _996741 |
|
| 245 | 1 | 0 |
_aMejoramiento de una maquína despicadora de jamaica con accionamiento eléctrico _c/por Armando Reyes Amador |
| 260 |
_aChapingo, Méx. : _bEl autor, _c2009 |
||
| 300 |
_axii, 108 h. : _bgráfs. |
||
| 502 | _aTesis (M. en Ingeniería Agricola y uso Integral del Agua) -- UACH. Departamento de Irrigación, Departamento de Maquinaria Agricola | ||
| 590 |
_aALEPH _b10 _c20130110 _lUCH01 _h1530 |
||
| 590 |
_aBATCH-UPD _b10 _c20130110 _lUCH01 _h1344 |
||
| 590 |
_aBATCH-UPD _b10 _c20130410 _lUCH01 _h0844 |
||
| 590 |
_aBATCH-UPD _b10 _c20130914 _lUCH01 _h1159 |
||
| 590 |
_aCONVERSION _b10 _c20130109 _lUCH01 _h1353 |
||
| 650 | 1 | 4 |
_aDespicadora de jamaica. _932175 |
| 650 | 1 | 4 |
_aEnergía _xConsumo. _936884 |
| 650 | 1 | 4 |
_aJamaica. _960987 |
| 650 | 1 | 4 |
_aJamaica _zGuerrero. _961004 |
| 650 | 1 | 4 |
_aMaquinaria agrícola _xDiseño. _971168 |
| 650 | 1 | 4 |
_aPlantas _xFloración. _988841 |
| 901 | _aBK | ||
| 911 | _aen proceso | ||
| 942 | _cFOLL | ||
| 949 |
_aTesis _bBC _cTES _d33724002107330 _eTS1 _gDonaciØn _h49524 _i108378 _sb |
||
| 949 |
_aTesis _bBC _cTES _d33724002107371 _eTS2 _fc.2 _gDonaciØn _h49525 _i108378 _si |
||
| 999 |
_c96736 _d96736 |
||